000 00518nam a2200205 a 4500
001 BRCA_6506
005 20190320205502.0
008 270911s1922----gw-#######---#000-0#ger-#
041 _ager
044 _agw
050 4 _aPT2603
_b.I59 L43
_c1922
100 1 _aBrinding, Ridolf G.
_916258
245 1 0 _aLegenden der Zeit
_cRidolf G. Brinding.
260 _aFrankfut
_bRuetten & Loening
_c1922
300 _a149 p.
_c19 cm.
500 _aL42
650 1 4 _aLiteratura Alemana
_96160
902 _aGFM
942 _2lcc
_cB
999 _c6190
_d6190